Programa de manejo de recursos naturales (Registro nro. 16552)

Detalles MARC
000 -CABECERA
Campo de control 007250000a22002410004500
090 ## - CLASIFICACIÓN LOCAL
Colección MM
Consecutivo 00176
041 0# - IDIOMA
Código de idioma para texto/pista de sonido o título separado
044 ## - PAÍS DE PUBLICACIÓN
País de publicación
111 2# - ASIENTO PRINCIPAL--NOMBRE DE REUNION
Nombre de reunión o de jurisdicción como elemento de entrada Biblioteca ambiental digital, 3
110 1# - ASIENTO PRINCIPAL--NOMBRE CORPORATIVO
Language of a work Colombia
Nombre corporativo o de jurisdicción como elemento de entrada Ministerio del Medio Ambiente
245 10 - MENCION DE TITULO
Título Programa de manejo de recursos naturales
260 ## - PUBLICACION, DISTRIBUCION, ETC. (PIE DE IMPRENTA)
Lugar de publicación, distribución, etc. Bogotá
Nombre del editor, distribuidor, etc. Minambiente
Fecha de publicación, distribución, etc. 2002
260 ## - PUBLICACION, DISTRIBUCION, ETC. (PIE DE IMPRENTA)
Nombre del editor, distribuidor, etc. UNEP
300 ## - DESCRIPCION FISICA
Otros detalles físicos CD-ROM
500 ## - NOTA GENERAL
Nota general Requerimientos del sistema: Arc-View 3.0 o superior
650 14 - ASIENTO SECUNDARIO DE MATERIA - TERMINO TEMATICO
Término temático o nombre geográfico como elemento de entrada Manejo de recursos naturales
650 14 - ASIENTO SECUNDARIO DE MATERIA - TERMINO TEMATICO
Término temático o nombre geográfico como elemento de entrada Recursos forestales
650 14 - ASIENTO SECUNDARIO DE MATERIA - TERMINO TEMATICO
Término temático o nombre geográfico como elemento de entrada Conservación de bosques
650 14 - ASIENTO SECUNDARIO DE MATERIA - TERMINO TEMATICO
Término temático o nombre geográfico como elemento de entrada Mapas
650 14 - ASIENTO SECUNDARIO DE MATERIA - TERMINO TEMATICO
Término temático o nombre geográfico como elemento de entrada Cartografía
651 #4 - ASIENTO SECUNDARIO DE MATERIA - NOMBRE GEOGRAFICO
-- Colombia
942 ## - ELEMENTOS ADICIONALES (KOHA)
Tipo de ítem CD-ROM
Existencias
Withdrawn status Lost status Sistema de Clasificación Damaged status No para préstamo Colección Ubicación Permanente Ubicación actual Fecha de adquisición Fuente de Valor Total Checkouts Número topográfico Inventario / Código de Barras Date last seen Ejemplar Price effective from Forma de adquisición Tipo de material
    Local     Audiovisual Bogotá Bogotá 16/05/2004 Minambiente   MM 00176 018401 25/03/2015 Ej. 1 25/03/2015   CD-ROM